LEADER 01339nam0 22003131i 450 001 UON00429137 005 20231205104859.926 010 $a31-10-10349-4 100 $a20130722d1985 |0itac50 ba 101 $ager 102 $aDE 105 $a|||| ||||| 200 1 $aˆDie ‰Zukunft der Katastrophe$emythische und rationalistische Geschichtstheorie im italienischen Futurismus$fvon Manfred Hinz 210 $aBerlin, [etc.]$cDe Gruyter$d1985 215 $aVIII, 287 p.$d24 cm. 410 1$1001UON00429138$12001 $aSeries C. Political and social Sciences$fEuropean University Institute$1210 $aFirenze$cBadia Fiesolana.$v4 606 $aFuturismo$3UONC062220$2FI 606 $aStoria$xConcezione futurista$3UONC084405$2FI 620 $aUS$dNew York$3UONL000050 620 $aDE$dBerlin$3UONL003157 676 $a709.04033$cBELLE ARTI E ARTI DECORATIVE. 1900-1999. FUTURISMO$v19 700 1$aHINZ$bManfred$3UONV205085$0304416 712 $aDe Gruyter$3UONV248587$4650 801 $aIT$bSOL$c20251003$gRICA 899 $aSIBA - SISTEMA BIBLIOTECARIO DI ATENEO$2UONSI 912 $aUON00429137 950 $aSIBA - SISTEMA BIBLIOTECARIO DI ATENEO$dSI '900 0208 $eSI 6306 7 0208 $sBuono 996 $aZukunft der Katastrophe$91337422 997 $aUNIOR LEADER 03084oas 2201153 a 450 001 9910333121903321 005 20260218213013.0 011 $a1522-9661 035 $a(DE-599)ZDB2042615-X 035 $a(DE-599)2042615-X 035 $a(OCoLC)36950329 035 $a(CONSER)sn 98005099 035 $a(CKB)954922650169 035 $a(EXLCZ)99954922650169 100 $a19970522b19921996 sy a 101 0 $aeng 135 $aurcnu|||||||| 181 $ctxt$2rdacontent 182 $cc$2rdamedia 183 $acr$2rdacarrier 200 10$aNeurodegeneration 210 $aLondon $cAcademic Press$d-1996 311 08$a1055-8330 531 0 $aNeurodegeneration 606 $aNervous system$xDegeneration$vPeriodicals 606 $aNervous system$xDegeneration 606 $aNervous system$xRegeneration 606 $aNervous system$xDiseases 606 $aNerve Degeneration 606 $aNerve Regeneration 606 $aNervous System Diseases 606 $aSyste?me nerveux$xDe?ge?ne?rescence$vPe?riodiques 606 $aNerfs$xDe?ge?ne?rescence 606 $aSyste?me nerveux$xRe?ge?ne?ration 606 $aSyste?me nerveux$xMaladies 606 $aNervous system$xRegeneration$2fast$3(OCoLC)fst01036139 606 $aNervous system$xDiseases$2fast$3(OCoLC)fst01036098 606 $aNervous system$xDegeneration$2fast$3(OCoLC)fst01036090 608 $aPeriodical 608 $aperiodicals.$2aat 608 $aPeriodicals.$2fast 608 $aPeriodicals.$2lcgft 608 $aPe?riodiques.$2rvmgf 615 0$aNervous system$xDegeneration 615 0$aNervous system$xDegeneration. 615 0$aNervous system$xRegeneration. 615 0$aNervous system$xDiseases. 615 2$aNerve Degeneration 615 2$aNerve Regeneration 615 2$aNervous System Diseases 615 6$aSyste?me nerveux$xDe?ge?ne?rescence 615 6$aNerfs$xDe?ge?ne?rescence. 615 6$aSyste?me nerveux$xRe?ge?ne?ration. 615 6$aSyste?me nerveux$xMaladies. 615 7$aNervous system$xRegeneration. 615 7$aNervous system$xDiseases. 615 7$aNervous system$xDegeneration. 676 $a616 801 0$bOH1 801 1$bOH1 801 2$bNSD 801 2$bOCL 801 2$bNSD 801 2$bOCL 801 2$bMYG 801 2$bOCLCQ 801 2$bMYG 801 2$bOCLCQ 801 2$bMUQ 801 2$bOCL 801 2$bOCLCQ 801 2$bOCLCO 801 2$bOCLCQ 801 2$bOCLCF 801 2$bOCLCQ 801 2$bZ5A 801 2$bOCLCO 801 2$bOCLCA 801 2$bBUF 801 2$bDLC 801 2$bMST 801 2$bAU@ 801 2$bOCLCO 801 2$bWYU 801 2$bU3W 801 2$bCASUM 801 2$bLND 801 2$bOCLCO 801 2$bOCLCQ 801 2$bOCLCO 801 2$bOCLCQ 801 2$bOCL 801 2$bAUD 801 2$bOCLCL 801 2$bOCLCQ 906 $aJOURNAL 912 $a9910333121903321 996 $aNeurodegeneration$91897685 997 $aUNINA